Major places starting with "F" - Statistics

General Stats
  • This quiz has been taken 11 times
  • The average score is 15 of 148
Answer Stats
Hint Answer % Correct
Major City Finland
91%
Country Fiji
91%
Country Finland
91%
Country France
91%
Country Federated States of Micronesia
64%
Major City Frankfort
64%
Major City Frankfurt
64%
Major City Florence
55%
Major City Fuji
45%
Capital City Funafuti
45%
Major City Fez
36%
Major City Fortaleza
36%
Major City Fort
36%
Major City Falkland
36%
Territory Falkland Islands
36%
Major City Fargo
36%
Major City | Major city/Subdivision Faro
36%
Major city/Subdivision Florida
36%
Territory French Guiana
36%
Major City Fairbanks
27%
Territory Faroe Islands
27%
Major City Fort Lauderdale
27%
Major City Fort Worth
27%
Major City Fairfield
18%
Major City Fallujah
18%
Major City Flagstaff
18%
Major City Fukuoka
18%
Capital City Freetown
18%
Territory French Polynesia
18%
Major City Fresno
18%
Major city/Subdivision Fukuoka
18%
Major City Faisalabad
9%
Major City Florianópolis
9%
Major City Fontana
9%
Major City Fort Myers
9%
Major City Fort Wayne
9%
Major City Francistown
9%
Major City Fredericton
9%
Major City Fukushima
9%
Major City Fuzhou
9%
Major City Fayetteville
9%
Major City Flensburg
9%
Major City | Major city/Subdivision Formosa
9%
Major City Fredericksburg
9%
Major city/Subdivision Fukushima
9%
Major City Fullerton
9%
Major City Faiyum
0%
Major City Fajardo
0%
Major City Fall River
0%
Major City Farah
0%
Major City Faridabad
0%
Major City Farmington
0%
Major city/Subdivision Federation of Bosnia and Herzegovina
0%
Major City Feldkirch
0%
Major City Fergana
0%
Major City Ferguson
0%
Major City Ferrara
0%
Major City Ferrol
0%
Major City Fier
0%
Major City Firozabad
0%
Major City Flint
0%
Major city/Subdivision Fljótsdalshreppur
0%
Major city/Subdivision Flóahreppur
0%
Major City Foggia
0%
Major City Folkestone
0%
Major City Fond du Lac
0%
Major City Forest
0%
Major City Forster
0%
Major City Fort Collins
0%
Major City Fort-Liberté
0%
Major City Fort McMurray
0%
Major City Fort Smith
0%
Major City Franklin
0%
Major City Frauenfeld
0%
Major City Fredericia
0%
Major City Freeport
0%
Major City Freiburg im Breisgau
0%
Major City Fribourg
0%
Major City Fuenlabrada
0%
Major City Fujairah
0%
Major City Fukui
0%
Major City Fulton
0%
Major City Funchal
0%
Major city/Subdivision Faadhippolhu
0%
Major city/Subdivision Faʻasaleleaga
0%
Major city/Subdivision Faetano
0%
Major City Fairfax
0%
Major city/Subdivision Faiyum
0%
Major city/Subdivision Fălești
0%
Major City Falkenberg
0%
Major City Falun
0%
Major City | Major city/Subdivision Famagusta
0%
Major city/
Subdivision
Farah
0%
Major city/Subdivision Faranah
0%
Major City Farnborough
0%
Major city/Subdivision Far North
0%
Major city/Subdivision Fars
0%
Major city/Subdivision Farwaniya
0%
Major city/Subdivision Faryab
0%
Major City Fasa
0%
Major City Fatehpur Sikri
0%
Major city/Subdivision Fatick
0%
Major City Federal Way
0%
Major city/Subdivision Fejér
0%
Major city/Subdivision Felidhu Atoll
0%
Major City Feodosia
0%
Major city/Subdivision Fergana
0%
Major city/Subdivision Ferizaj
0%
Major city/Subdivision Fès-Meknès
0%
Major City Fethiye
0%
Major city/Subdivision Fier
0%
Major City Figueira da Foz
0%
Major city/Subdivision Fingal
0%
Major city/Subdivision Fiorentino
0%
Major City Fitzgerald
0%
Major City Fiumicino
0%
Major city/Subdivision Fjallabyggð
0%
Major city/Subdivision Fjarðabyggð
0%
Major City | Major city/Subdivision Flores
0%
Major city/Subdivision Florești
0%
Major City Flying Fish Cove
0%
Major city/Subdivision Folon
0%
Major City Folsom
0%
Major City Forks
0%
Major City Fort-de-France
0%
Major City Forte Dei Marmi
0%
Major City Fort Knox
0%
Major City Foshan
0%
Major City Franceville
0%
Major city/Subdivision Francisco Morazán
0%
Major City Fredrikstad
0%
Major city/Subdivision Free State
0%
Major City Fremont
0%
Major city/Subdivision Fribourg
0%
Major City Friedrichshafen
0%
Major City Frisco
0%
Major city/Subdivision Friuli-Venezia Giulia
0%
Major city/Subdivision Fukui
0%
Major City Fukuyama
0%
Major City Fürth
0%
Major City Füssen
0%
Major City Fuyang
0%
Major city/Subdivision Fuzuli
0%
No matching quizzes found
Score Distribution
Percent of People with Each Score
Percentile by Number Answered
Your Score History
You have not taken this quiz